[Event "Hastings Challengers 1988/89"]
[Site "Hastings"]
[Date "1989.01.03"]
[Round "7"]
[White "Tangborn, Eric"]
[Black "Rowley, Robert"]
[Result "1/2-1/2"]
[WhiteElo "2350"]
[BlackElo "2400"]
[PlyCount "123"]
[EventDate "1988.12.28"]
[EventType "swiss"]
[EventRounds "10"]
[EventCountry "ENG"]
[SourceTitle "BritBase"]
[Source "John Saunders"]
[SourceDate "2023.05.21"]
[SourceVersion "1"]
[SourceVersionDate "2023.05.21"]
[SourceQuality "1"]

1. d4 d5 2. Nf3 Nf6 3. Bf4 Bf5 4. c4 e6 5. Nc3 Bd6 6. Bg5 c6 7. Qb3 Qb6 8. Bxf6
gxf6 9. c5 Qxb3 10. axb3 Bc7 11. b4 b5 12. cxb6 Bxb6 13. e3 Ke7 14. Kd2 a5 15.
bxa5 Rxa5 16. Be2 Nd7 17. b4 Raa8 18. Nh4 Bg6 19. Na4 Rhb8 20. Nxg6+ fxg6 21.
Nxb6 Nxb6 22. Rhc1 Kd6 23. Rxa8 Nxa8 24. Kc3 Nc7 25. Ra1 e5 26. g3 e4 27. h4 f5
28. Kb3 h6 29. Kc3 Rf8 30. Kd2 Rh8 31. Kc3 Rf8 32. Kb3 g5 33. hxg5 hxg5 34. Rh1
Rf6 35. Rh5 f4 36. Bg4 fxe3 37. fxe3 Ne6 38. Kc3 Nc7 39. Rh7 Ne6 40. Rh5 Nc7
41. Rxg5 Nb5+ 42. Kd2 Kc7 43. Be2 Kb6 44. g4 Rf8 45. Rg6 Ra8 46. Bxb5 Kxb5 47.
Ke2 Ra2+ 48. Kf1 Rb2 49. Rh6 Rxb4 50. Rh3 c5 51. dxc5 Kxc5 52. g5 Rb7 53. g6
Rg7 54. Rg3 Kd6 55. Rg5 Ke6 56. Ke2 Kf6 57. Rxd5 Rxg6 58. Rd6+ Kf5 59. Rxg6
Kxg6 60. Kf2 Kf5 61. Kg3 Kg5 62. Kh3 1/2-1/2

[Event "Hastings Challengers 1988/89"]
[Site "Hastings"]
[Date "1989.01.04"]
[Round "8"]
[White "Boudre, Jean Pierre"]
[Black "Wojtkiewicz, Aleksander"]
[Result "0-1"]
[WhiteElo "2355"]
[BlackElo "2420"]
[PlyCount "132"]
[EventDate "1988.12.28"]
[EventType "swiss"]
[EventRounds "10"]
[EventCountry "ENG"]
[SourceTitle "BritBase"]
[Source "John Saunders"]
[SourceDate "2023.05.21"]
[SourceVersion "1"]
[SourceVersionDate "2023.05.21"]
[SourceQuality "1"]

1. e4 c5 2. Nf3 d6 3. d4 cxd4 4. Nxd4 Nf6 5. Nc3 e6 6. g4 Nc6 7. g5 Nd7 8. h4
Be7 9. Be3 O-O 10. Qd2 a6 11. O-O-O Nxd4 12. Qxd4 b5 13. f4 Rb8 14. Kb1 b4 15.
Ne2 Qa5 16. Ng3 Re8 17. Bc4 Bf8 18. h5 Qc5 19. Qd3 Qc6 20. g6 hxg6 21. hxg6
fxg6 22. e5 Bb7 23. Bb3 Kf7 24. exd6 Nf6 25. Rhe1 Rbd8 26. f5 gxf5 27. Nxf5 Qe4
28. Bb6 Qxd3 29. Rxd3 Rd7 30. Nd4 Bd5 31. Ba4 Bxd6 32. Bxd7 Nxd7 33. Ba5 Be7
34. Nf5 Bf8 35. Rf1 Nf6 36. Ne3 Bc6 37. Ng4 Bb5 38. Ne5+ Kg8 39. Rf4 Bxd3 40.
cxd3 Bd6 41. d4 Nd5 42. Rg4 Bxe5 43. dxe5 Rf8 44. Kc1 Rf1+ 45. Kd2 Rf2+ 46. Kc1
Rf1+ 47. Kd2 Rf2+ 48. Kc1 Rf4 49. Rxf4 Nxf4 50. Kd2 Nd5 51. Bd8 Kf7 52. Kd3 Kg6
53. Ke4 Kh5 54. Kf3 g5 55. Kg3 Kg6 56. Kg4 Ne3+ 57. Kf3 Nc4 58. Ke4 Nxb2 59.
Ba5 Nc4 60. Bxb4 Nb6 61. Be1 Nd5 62. a4 Nb6 63. a5 Nd7 64. Bf2 Kh5 65. Bb6 Kg4
66. Bd8 Nc5+ 0-1

[Event "Hastings Challengers 1988/89"]
[Site "Hastings"]
[Date "1989.01.04"]
[Round "8"]
[White "Dunnington, Angus J"]
[Black "Gufeld, Eduard"]
[Result "1/2-1/2"]
[WhiteElo "2280"]
[BlackElo "2510"]
[PlyCount "111"]
[EventDate "1988.12.28"]
[EventType "swiss"]
[EventRounds "10"]
[EventCountry "ENG"]
[SourceTitle "BritBase"]
[Source "John Saunders"]
[SourceDate "2023.05.21"]
[SourceVersion "1"]
[SourceVersionDate "2023.05.21"]
[SourceQuality "1"]

1. Nf3 g6 2. e4 Bg7 3. d4 d6 4. c3 Nf6 5. Bd3 O-O 6. O-O Nc6 7. Bg5 h6 8. Bh4
e5 9. dxe5 dxe5 10. Na3 Be6 11. Re1 g5 12. Bg3 Nh5 13. Bc4 Bg4 14. Be2 Nf4 15.
Bxf4 exf4 16. Qxd8 Raxd8 17. Nb5 Rd7 18. Rad1 Rfd8 19. Rxd7 Rxd7 20. Rd1 Re7
21. h3 Bh5 22. Kf1 a6 23. Nbd4 Nxd4 24. Nxd4 Bxe2+ 25. Nxe2 Rxe4 26. Rd8+ Bf8
27. Rb8 b5 28. Nd4 c5 29. Nb3 Kg7 30. Rb6 Re6 31. Rxe6 fxe6 32. Ke2 Kf6 33. f3
c4 34. Nd2 Ke5 35. Ne4 Be7 36. Nf2 h5 37. Ne4 g4 38. Kd2 gxf3 39. gxf3 Kd5 40.
a3 Bd8 41. Kc2 Be7 42. Kd2 Ke5 43. Kc2 a5 44. Kc1 b4 45. a4 Bd8 46. Kc2 Bb6 47.
Kc1 Be3+ 48. Kc2 b3+ 49. Kb1 Kf5 50. Ka1 Ke5 51. Kb1 Bb6 52. Kc1 Ba7 53. Kb1
Bb6 54. Kc1 Be3+ 55. Kb1 Bg1 56. Kc1 1/2-1/2

[Event "Hastings Challengers 1988/89"]
[Site "Hastings"]
[Date "1989.01.04"]
[Round "8"]
[White "Holland, Christopher KD"]
[Black "Arkell, Keith C"]
[Result "0-1"]
[WhiteElo "2275"]
[BlackElo "2430"]
[PlyCount "66"]
[EventDate "1988.12.28"]
[EventType "swiss"]
[EventRounds "10"]
[EventCountry "ENG"]
[SourceTitle "BritBase"]
[Source "John Saunders"]
[SourceDate "2023.05.21"]
[SourceVersion "1"]
[SourceVersionDate "2023.05.21"]
[SourceQuality "1"]

1. d4 Nf6 2. c4 e6 3. Nf3 b6 4. Nc3 Bb4 5. Bg5 h6 6. Bh4 Bxc3+ 7. bxc3 Bb7 8.
e3 Nc6 9. Nd2 Ne7 10. f3 Ng6 11. Bf2 d6 12. Bd3 O-O 13. Qc2 Qe8 14. h4 e5 15.
O-O-O h5 16. Rh2 e4 17. Be2 b5 18. Rg1 bxc4 19. Bxc4 d5 20. Bf1 c5 21. Kd1 cxd4
22. cxd4 Rc8 23. Qb2 Bc6 24. g4 Ba4+ 25. Nb3 exf3 26. gxh5 Bb5 27. Nc5 Bxf1 28.
Rxf1 Ne7 29. Bg1 Ng4 30. Rh3 Nf5 31. Rfxf3 Nd6 32. Bh2 Ne4 33. Rf5 Nxc5 0-1

[Event "Hastings Challengers 1988/89"]
[Site "Hastings"]
[Date "1989.01.04"]
[Round "8"]
[White "Lima, Darcy"]
[Black "McDonald, Neil R"]
[Result "1/2-1/2"]
[WhiteElo "2345"]
[BlackElo "2360"]
[PlyCount "37"]
[EventDate "1988.12.28"]
[EventType "swiss"]
[EventRounds "10"]
[EventCountry "ENG"]
[SourceTitle "BritBase"]
[Source "John Saunders"]
[SourceDate "2023.05.21"]
[SourceVersion "1"]
[SourceVersionDate "2023.05.21"]
[SourceQuality "1"]

1. e4 e6 2. d4 d5 3. Nc3 Bb4 4. e5 c5 5. dxc5 Ne7 6. Nf3 Nbc6 7. Bd3 d4 8. a3
Ba5 9. b4 Nxb4 10. axb4 Bxb4 11. O-O Bxc3 12. Rb1 h6 13. Nd2 Bxd2 14. Bxd2 Bd7
15. Qg4 Bc6 16. Rb4 Qa5 17. Qxd4 Rd8 18. Qg4 Qxc5 19. Re1 1/2-1/2

[Event "Hastings Challengers 1988/89"]
[Site "Hastings"]
[Date "1989.01.04"]
[Round "8"]
[White "Martin, Andrew D"]
[Black "Akhsharumova, Anna M"]
[Result "1-0"]
[WhiteElo "2430"]
[BlackElo "2400"]
[PlyCount "89"]
[EventDate "1988.12.28"]
[EventType "swiss"]
[EventRounds "10"]
[EventCountry "ENG"]
[SourceTitle "BritBase"]
[Source "John Saunders"]
[SourceDate "2023.05.21"]
[SourceVersion "1"]
[SourceVersionDate "2023.05.21"]
[SourceQuality "1"]

1. Nf3 Nf6 2. g3 d6 3. Bg2 e5 4. O-O c6 5. c4 Be7 6. Nc3 O-O 7. d4 Nbd7 8. Qc2
Re8 9. Rd1 Qc7 10. h3 Bf8 11. e4 a6 12. Be3 b5 13. Rac1 exd4 14. Nxd4 b4 15.
Nce2 Bb7 16. Nf5 c5 17. f3 Ne5 18. Bg5 Nfd7 19. Qd2 Nb6 20. b3 f6 21. Be3 Rad8
22. Bf2 a5 23. Ne3 a4 24. Nd5 Nxd5 25. cxd5 Ra8 26. f4 axb3 27. axb3 Nd7 28.
Nd4 Qa5 29. Ne6 Rec8 30. Rb1 Ra7 31. h4 Rca8 32. h5 h6 33. Bh3 Bc8 34. Qe2 Nb6
35. Bf5 Bd7 36. e5 fxe5 37. fxe5 dxe5 38. Qg4 Be8 39. Be3 Nd7 40. Bg6 Nf6 41.
Rf1 Bb5 42. Rxf6 gxf6 43. Bf7+ Kxf7 44. Qg6+ Ke7 45. Bxc5+ 1-0

[Event "Hastings Challengers 1988/89"]
[Site "Hastings"]
[Date "1989.01.04"]
[Round "8"]
[White "Plaskett, H James"]
[Black "Sorensen, Jan"]
[Result "1-0"]
[WhiteElo "2450"]
[BlackElo "2275"]
[PlyCount "67"]
[EventDate "1988.12.28"]
[EventType "swiss"]
[EventRounds "10"]
[EventCountry "ENG"]
[SourceTitle "BritBase"]
[Source "John Saunders"]
[SourceDate "2023.05.21"]
[SourceVersion "1"]
[SourceVersionDate "2023.05.21"]
[SourceQuality "1"]

1. e4 e6 2. d4 d5 3. Nd2 Nc6 4. Ngf3 Nf6 5. e5 Nd7 6. Bd3 Nb4 7. Be2 c5 8. c3
Nc6 9. Bd3 f5 10. O-O cxd4 11. cxd4 a5 12. a3 Nb6 13. b3 Bd7 14. Bb2 Be7 15.
Rc1 O-O 16. Qe2 Qe8 17. Rc2 Qf7 18. Ne1 Rfc8 19. f4 Qf8 20. Nb1 Na7 21. g4 g6
22. Kh1 Kh8 23. Rg1 Qh6 24. Rxc8+ Rxc8 25. Qd2 Nc6 26. Nf3 fxg4 27. Rxg4 Rf8
28. Nc3 Qh3 29. Rg3 Qh6 30. Bc1 Nc8 31. Qg2 Bd8 32. Rh3 Qg7 33. f5 exf5 34. Bh6
1-0

[Event "Hastings Challengers 1988/89"]
[Site "Hastings"]
[Date "1989.01.05"]
[Round "9"]
[White "Arkell, Keith C"]
[Black "Plaskett, H James"]
[Result "1-0"]
[WhiteElo "2430"]
[BlackElo "2450"]
[PlyCount "81"]
[EventDate "1988.12.28"]
[EventType "swiss"]
[EventRounds "10"]
[EventCountry "ENG"]
[SourceTitle "BritBase"]
[Source "John Saunders"]
[SourceDate "2023.05.21"]
[SourceVersion "1"]
[SourceVersionDate "2023.05.21"]
[SourceQuality "1"]

1. c4 e5 2. Nc3 Bb4 3. Nf3 Bxc3 4. bxc3 d6 5. c5 dxc5 6. Nxe5 Nf6 7. e3 O-O 8.
Be2 Re8 9. Nf3 b6 10. O-O Bb7 11. a4 Qd6 12. d4 Nbd7 13. Ba3 Ne4 14. Qc2 Qh6
15. Rad1 Ng5 16. Qf5 Ne6 17. d5 Nef8 18. c4 Nf6 19. Bb2 Ne4 20. Ne5 Nd6 21. Qf3
Qg5 22. Qh3 Bc8 23. g4 Rxe5 24. f4 Bxg4 25. Bxg4 Qg6 26. fxe5 Nxc4 27. Rf2 Nxe3
28. Rg2 Nxg2 29. Qxg2 Rd8 30. Bf3 Qxg2+ 31. Kxg2 Ng6 32. d6 cxd6 33. exd6 Nh4+
34. Kf2 Nxf3 35. Kxf3 f6 36. Ke4 Kf7 37. Kd5 Rd7 38. Kc6 Ke8 39. Rg1 Rf7 40. a5
bxa5 41. Bc3 1-0

[Event "Hastings Challengers 1988/89"]
[Site "Hastings"]
[Date "1989.01.05"]
[Round "9"]
[White "Burgess, Graham"]
[Black "Whiteley, Andrew J"]
[Result "0-1"]
[WhiteElo "2280"]
[BlackElo "2350"]
[PlyCount "52"]
[EventDate "1988.12.28"]
[EventType "swiss"]
[EventRounds "10"]
[EventCountry "ENG"]
[SourceTitle "BritBase"]
[Source "John Saunders"]
[SourceDate "2023.05.21"]
[SourceVersion "1"]
[SourceVersionDate "2023.05.21"]
[SourceQuality "1"]

1. d4 d5 2. c4 c6 3. Nf3 Nf6 4. Nc3 e6 5. Bg5 h6 6. Bxf6 Qxf6 7. g3 dxc4 8. Bg2
Nd7 9. O-O Bd6 10. e4 e5 11. d5 Nb6 12. dxc6 bxc6 13. Rc1 O-O 14. Qe2 Bc5 15.
Rfd1 a5 16. Rd2 Bg4 17. h3 Bxf3 18. Bxf3 Rfd8 19. Rcd1 Rd4 20. Kg2 Rad8 21. a3
Qg5 22. Rc2 Rd3 23. h4 Qe7 24. Rcd2 Qd6 25. Nb1 Na4 26. b3 Nc3 0-1

[Event "Hastings Challengers 1988/89"]
[Site "Hastings"]
[Date "1989.01.05"]
[Round "9"]
[White "Flear, Glenn C"]
[Black "Lima, Darcy"]
[Result "1/2-1/2"]
[WhiteElo "2470"]
[BlackElo "2345"]
[PlyCount "61"]
[EventDate "1988.12.28"]
[EventType "swiss"]
[EventRounds "10"]
[EventCountry "ENG"]
[SourceTitle "BritBase"]
[Source "John Saunders"]
[SourceDate "2023.05.21"]
[SourceVersion "1"]
[SourceVersionDate "2023.05.21"]
[SourceQuality "1"]

1. d4 Nf6 2. c4 e6 3. Nf3 d5 4. g3 dxc4 5. Bg2 Bd7 6. Qc2 c5 7. O-O Bc6 8. dxc5
Bxc5 9. Qxc4 Nbd7 10. Nc3 Rc8 11. Qd3 Qb6 12. Qd1 Qa6 13. Ne1 Bxg2 14. Nxg2 O-O
15. Be3 Rfd8 16. Qb3 Qb6 17. Bxc5 Rxc5 18. Qxb6 Nxb6 19. Rfd1 Rdc8 20. Ne3 Kf8
21. Rd4 Nbd5 22. Nexd5 Nxd5 23. Nxd5 Rxd5 24. Rxd5 exd5 25. Kf1 Rc2 26. Rb1 b5
27. a3 Ke7 28. Ke1 d4 29. b4 Ra2 30. Rd1 Rxa3 31. Rxd4 1/2-1/2

[Event "Hastings Challengers 1988/89"]
[Site "Hastings"]
[Date "1989.01.05"]
[Round "9"]
[White "Gufeld, Eduard"]
[Black "Harley, Andrew"]
[Result "1-0"]
[WhiteElo "2510"]
[BlackElo "2245"]
[PlyCount "77"]
[EventDate "1988.12.28"]
[EventType "swiss"]
[EventRounds "10"]
[EventCountry "ENG"]
[SourceTitle "BritBase"]
[Source "John Saunders"]
[SourceDate "2023.05.21"]
[SourceVersion "1"]
[SourceVersionDate "2023.05.21"]
[SourceQuality "1"]

1. e4 e6 2. d4 d5 3. Nd2 Nf6 4. e5 Nfd7 5. Bd3 c5 6. c3 Nc6 7. Ne2 cxd4 8. cxd4
f6 9. exf6 Nxf6 10. O-O Bd6 11. f4 Qb6 12. Nf3 O-O 13. Kh1 Bd7 14. Nc3 Kh8 15.
a3 Rac8 16. Na4 Qc7 17. Nc5 Rce8 18. Nxd7 Nxd7 19. g3 Nf6 20. Be3 Ne7 21. Qe2
Nf5 22. Bg1 a6 23. Rfe1 h6 24. Rac1 Qf7 25. Rc2 Qh5 26. Kg2 g5 27. Ne5 g4 28.
Bf2 Bxe5 29. dxe5 Ng8 30. Rc7 Rf7 31. Rxf7 Qxf7 32. Qxg4 h5 33. Qg5 Ngh6 34.
Rc1 Ng4 35. Bxf5 exf5 36. e6 Rxe6 37. Bd4+ Kh7 38. Rc8 Re2+ 39. Kf1 1-0

[Event "Hastings Challengers 1988/89"]
[Site "Hastings"]
[Date "1989.01.05"]
[Round "9"]
[White "McNab, Colin Anderson"]
[Black "Franklin, Michael J"]
[Result "1-0"]
[WhiteElo "2410"]
[BlackElo "2305"]
[PlyCount "57"]
[EventDate "1988.12.28"]
[EventType "swiss"]
[EventRounds "10"]
[EventCountry "ENG"]
[SourceTitle "BritBase"]
[Source "John Saunders"]
[SourceDate "2023.05.21"]
[SourceVersion "1"]
[SourceVersionDate "2023.05.21"]
[SourceQuality "1"]

1. c4 Nf6 2. Nf3 e6 3. g3 d5 4. b3 Be7 5. Bg2 O-O 6. O-O c6 7. Bb2 b6 8. d3 Bb7
9. Nbd2 Na6 10. a3 Rc8 11. b4 Rc7 12. e4 Qa8 13. Qe2 Rd8 14. cxd5 cxd5 15. e5
Nd7 16. Nd4 Nab8 17. f4 Nc6 18. N2f3 Nf8 19. f5 exf5 20. Nxf5 Ne6 21. N3d4
Ncxd4 22. Nxd4 Bc8 23. Nb5 Rcd7 24. Rac1 a6 25. Nd4 Nxd4 26. Bxd4 Rb7 27. Qf2
Bg5 28. Rc6 b5 29. h4 1-0

[Event "Hastings Challengers 1988/89"]
[Site "Hastings"]
[Date "1989.01.05"]
[Round "9"]
[White "Sadler, Matthew D"]
[Black "Morawietz, Dieter"]
[Result "1-0"]
[WhiteElo "2385"]
[BlackElo "2280"]
[PlyCount "93"]
[EventDate "1988.12.28"]
[EventType "swiss"]
[EventRounds "10"]
[EventCountry "ENG"]
[SourceTitle "BritBase"]
[Source "John Saunders"]
[SourceDate "2023.05.21"]
[SourceVersion "1"]
[SourceVersionDate "2023.05.21"]
[SourceQuality "1"]

1. b3 Nf6 2. Bb2 g6 3. Nf3 Bg7 4. d4 O-O 5. g3 d6 6. Bg2 e5 7. dxe5 Ng4 8. O-O
Nd7 9. e4 dxe5 10. Nc3 Re8 11. Qe2 c6 12. Rfd1 Qc7 13. a4 a5 14. Nd2 Nc5 15.
Ba3 Bf8 16. Nc4 Be6 17. Nd5 cxd5 18. exd5 Nf6 19. dxe6 Rxe6 20. Bh3 Ree8 21.
Bb2 Ncd7 22. Bxd7 Nxd7 23. Rxd7 Qxd7 24. Nb6 Qd8 25. Nxa8 Qxa8 26. Qb5 Qc8 27.
Re1 Bg7 28. Re2 h5 29. h4 e4 30. Bxg7 Kxg7 31. Qxa5 e3 32. fxe3 Qg4 33. Qc3+
Kg8 34. Qe1 Re4 35. Kh2 Kh7 36. Rf2 Qe6 37. Rf3 Qd5 38. Rf4 Re7 39. e4 Qc6 40.
Qf2 Kg8 41. Qe2 Qc7 42. Kg2 Kg7 43. c4 Rd7 44. e5 Qd8 45. Rf2 Rd3 46. e6 fxe6
47. Qe5+ 1-0

[Event "Hastings Challengers 1988/89"]
[Site "Hastings"]
[Date "1989.01.05"]
[Round "9"]
[White "Wojtkiewicz, Aleksander"]
[Black "Martin, Andrew D"]
[Result "1-0"]
[WhiteElo "2420"]
[BlackElo "2430"]
[PlyCount "97"]
[EventDate "1988.12.28"]
[EventType "swiss"]
[EventRounds "10"]
[EventCountry "ENG"]
[SourceTitle "BritBase"]
[Source "John Saunders"]
[SourceDate "2023.05.21"]
[SourceVersion "1"]
[SourceVersionDate "2023.05.21"]
[SourceQuality "1"]

1. Nf3 d6 2. d4 Bg4 3. g3 Bxf3 4. exf3 e6 5. c4 Nf6 6. d5 exd5 7. cxd5 Nbd7 8.
Nc3 Be7 9. Bg2 O-O 10. f4 a5 11. O-O Nc5 12. Be3 Nfd7 13. Rc1 Bf6 14. b3 Re8
15. Qc2 Re7 16. Rfd1 Qe8 17. Nb5 Nb8 18. Qc4 Nba6 19. a3 Qd7 20. Rc2 Rae8 21.
b4 axb4 22. axb4 Na4 23. Nd4 g6 24. Bf3 Nb6 25. Qb3 h5 26. Kg2 h4 27. g4 Nxd5
28. Qxd5 Nxb4 29. Qxb7 Nxc2 30. Nxc2 Qa4 31. Qc6 Qb3 32. g5 Bc3 33. Rd3 Qxc2
34. Rxc3 Qf5 35. h3 Rb8 36. Ra3 Rxe3 37. Rxe3 Qxf4 38. Re8+ Rxe8 39. Qxe8+ Kg7
40. Qe7 c5 41. Bd5 c4 42. Qe3 Qxe3 43. fxe3 f6 44. Bxc4 fxg5 45. Kf3 Kf6 46.
Kg4 Ke5 47. Bd3 d5 48. Kxg5 d4 49. e4 1-0

[Event "Hastings Challengers 1988/89"]
[Site "Hastings"]
[Date "1989.01.06"]
[Round "10"]
[White "Boudre, Jean Pierre"]
[Black "Hebden, Mark L"]
[Result "0-1"]
[WhiteElo "2355"]
[BlackElo "2460"]
[PlyCount "78"]
[EventDate "1988.12.28"]
[EventType "swiss"]
[EventRounds "10"]
[EventCountry "ENG"]
[SourceTitle "BritBase"]
[Source "John Saunders"]
[SourceDate "2023.05.21"]
[SourceVersion "1"]
[SourceVersionDate "2023.05.21"]
[SourceQuality "1"]

1. e4 e5 2. Nf3 Nc6 3. Bb5 a6 4. Ba4 Nf6 5. O-O Be7 6. Bxc6 dxc6 7. d3 Nd7 8.
b3 c5 9. Bb2 Bd6 10. Nbd2 b5 11. Qe2 O-O 12. Rae1 Re8 13. Qd1 Nf8 14. Kh1 Ng6
15. Ng1 Bd7 16. Ne2 a5 17. Ng3 a4 18. Nf5 axb3 19. axb3 Ra2 20. Qb1 Ra6 21. g3
Bf8 22. f4 exf4 23. gxf4 c4 24. bxc4 bxc4 25. Ne3 cxd3 26. cxd3 Bb4 27. Re2 Bh3
28. Rf3 Bxd2 29. Rxd2 Rxe4 30. dxe4 Qxd2 31. Rxh3 Nxf4 32. Rg3 Rh6 33. Rxg7+
Kf8 34. Qg1 Rxh2+ 35. Qxh2 Qxe3 36. Qc2 Qh3+ 37. Kg1 Qe3+ 38. Kf1 Qf3+ 39. Kg1
Ne2+ 0-1

[Event "Hastings Challengers 1988/89"]
[Site "Hastings"]
[Date "1989.01.06"]
[Round "10"]
[White "Dunnington, Angus J"]
[Black "Rowley, Robert"]
[Result "0-1"]
[WhiteElo "2280"]
[BlackElo "2400"]
[PlyCount "60"]
[EventDate "1988.12.28"]
[EventType "swiss"]
[EventRounds "10"]
[EventCountry "ENG"]
[SourceTitle "BritBase"]
[Source "John Saunders"]
[SourceDate "2023.05.21"]
[SourceVersion "1"]
[SourceVersionDate "2023.05.21"]
[SourceQuality "1"]

1. d4 d5 2. c4 c6 3. Nc3 Nf6 4. e3 g6 5. Nf3 Bg7 6. h3 O-O 7. Be2 c5 8. O-O Nc6
9. dxc5 dxc4 10. Bxc4 Qa5 11. Nb5 Qb4 12. Qc2 Bf5 13. Qc3 Nd7 14. Qxb4 Nxb4 15.
Nbd4 Nxc5 16. Nxf5 gxf5 17. Nd4 Bxd4 18. exd4 Ne4 19. Bh6 Rfd8 20. Rad1 Rac8
21. Bb3 Nc6 22. f3 Nf6 23. d5 Na5 24. Bg5 Kg7 25. Rfe1 Nxb3 26. axb3 Rd7 27.
Bxf6+ Kxf6 28. Rd2 Rcd8 29. Red1 Rd6 30. g4 e6 0-1

[Event "Hastings Challengers 1988/89"]
[Site "Hastings"]
[Date "1989.01.06"]
[Round "10"]
[White "Fayard, Alain"]
[Black "McNab, Colin Anderson"]
[Result "1/2-1/2"]
[WhiteElo "2230"]
[BlackElo "2410"]
[PlyCount "102"]
[EventDate "1988.12.28"]
[EventType "swiss"]
[EventRounds "10"]
[EventCountry "ENG"]
[SourceTitle "BritBase"]
[Source "John Saunders"]
[SourceDate "2023.05.21"]
[SourceVersion "1"]
[SourceVersionDate "2023.05.21"]
[SourceQuality "1"]

1. d4 d6 2. c4 e5 3. d5 f5 4. Nc3 Nf6 5. f4 e4 6. e3 g6 7. Nh3 Bg7 8. Nf2 a5 9.
Be2 Nbd7 10. Qc2 Nc5 11. Bd2 O-O 12. Nb5 c6 13. Nd4 Bd7 14. O-O Kh8 15. dxc6
bxc6 16. Nb3 Ne6 17. Bc3 Qb6 18. Qd2 a4 19. Nd4 c5 20. Nc2 Nd8 21. Rfb1 Nf7 22.
Na3 Rfd8 23. b4 axb3 24. Rxb3 Qc6 25. Qb2 Ne8 26. Nb5 Be6 27. Bxg7+ Nxg7 28.
Nc3 Ra7 29. Rb6 Qa8 30. Rb1 h6 31. a4 Kh7 32. Bf1 Ne8 33. g4 Qc8 34. gxf5 gxf5
35. Nh1 Qc7 36. Bh3 Qe7 37. Ng3 Ng7 38. Nd5 Qh4 39. Bf1 Bxd5 40. Qxg7+ Kxg7 41.
Nxf5+ Kf6 42. Nxh4 Be6 43. Ra1 Rda8 44. Bg2 Rxa4 45. Rxa4 Rxa4 46. Bxe4 Rxc4
47. Bg6 Rc1+ 48. Kf2 Rd1 49. e4 Rd2+ 50. Kg3 Rd3+ 51. Kg2 Rd2+ 1/2-1/2

[Event "Hastings Challengers 1988/89"]
[Site "Hastings"]
[Date "1989.01.06"]
[Round "10"]
[White "Lima, Darcy"]
[Black "Wojtkiewicz, Aleksander"]
[Result "1/2-1/2"]
[WhiteElo "2345"]
[BlackElo "2420"]
[PlyCount "35"]
[EventDate "1988.12.28"]
[EventType "swiss"]
[EventRounds "10"]
[EventCountry "ENG"]
[SourceTitle "BritBase"]
[Source "John Saunders"]
[SourceDate "2023.05.21"]
[SourceVersion "1"]
[SourceVersionDate "2023.05.21"]
[SourceQuality "1"]

1. d4 Nf6 2. c4 c5 3. Nf3 e6 4. g3 d5 5. Bg2 Nc6 6. O-O Be7 7. dxc5 Bxc5 8. a3
Ne4 9. Qc2 O-O 10. b4 Qf6 11. Bb2 Bd4 12. Nxd4 Nxd4 13. Bxd4 Qxd4 14. Ra2 f5
15. cxd5 exd5 16. e3 Qb6 17. Qd3 Be6 18. Rc2 1/2-1/2

[Event "Hastings Challengers 1988/89"]
[Site "Hastings"]
[Date "1989.01.06"]
[Round "10"]
[White "Martin, Andrew D"]
[Black "Lewis, Andrew P"]
[Result "1-0"]
[WhiteElo "2430"]
[BlackElo "2285"]
[PlyCount "77"]
[EventDate "1988.12.28"]
[EventType "swiss"]
[EventRounds "10"]
[EventCountry "ENG"]
[SourceTitle "BritBase"]
[Source "John Saunders"]
[SourceDate "2023.05.21"]
[SourceVersion "1"]
[SourceVersionDate "2023.05.21"]
[SourceQuality "1"]

1. e4 c5 2. Nc3 Nc6 3. g3 g6 4. d3 Bg7 5. Bg2 Rb8 6. f4 b5 7. e5 Nd4 8. Ne4 d6
9. c3 Ne6 10. Nf3 d5 11. Nf2 h5 12. h3 Nh6 13. g4 Nc7 14. Nh2 Be6 15. d4 c4 16.
Bf3 Qd7 17. a3 a5 18. Rg1 hxg4 19. hxg4 f5 20. exf6 exf6 21. f5 gxf5 22. g5 Nf7
23. Bh5 Kf8 24. Nh3 fxg5 25. Nxg5 Nxg5 26. Bxg5 Bf7 27. Bxf7 Qxf7 28. Bf4 Qe7+
29. Kf2 Re8 30. Qf3 Ne6 31. Rae1 Qd7 32. Qg3 Nxf4 33. Qxf4 Rxe1 34. Rxe1 Rg8
35. Nf3 Rh8 36. Ng5 Bf6 37. Qb8+ Kg7 38. Ne6+ Kh7 39. Nf8+ 1-0

[Event "Hastings Challengers 1988/89"]
[Site "Hastings"]
[Date "1989.01.06"]
[Round "10"]
[White "Sadler, Matthew D"]
[Black "McDonald, Neil R"]
[Result "1-0"]
[WhiteElo "2385"]
[BlackElo "2360"]
[PlyCount "85"]
[EventDate "1988.12.28"]
[EventType "swiss"]
[EventRounds "10"]
[EventCountry "ENG"]
[SourceTitle "BritBase"]
[Source "John Saunders"]
[SourceDate "2023.05.21"]
[SourceVersion "1"]
[SourceVersionDate "2023.05.21"]
[SourceQuality "1"]

1. d4 Nf6 2. c4 d6 3. Nc3 Nbd7 4. e4 e5 5. d5 g6 6. Be2 Nc5 7. f3 Nh5 8. b4
Qh4+ 9. Kf1 Na6 10. Be3 Ng3+ 11. hxg3 Qxh1 12. c5 Bh6 13. Bxh6 Qxh6 14. Qa4+
Kf8 15. Bxa6 Qe3 16. Nge2 h5 17. Nd1 Qg5 18. Nf2 h4 19. g4 Qe3 20. Bc4 h3 21.
gxh3 Qxf3 22. Qb3 Rxh3 23. Ng1 Qxb3 24. Bxb3 Re3 25. Rc1 f5 26. gxf5 gxf5 27.
cxd6 cxd6 28. Ngh3 fxe4 29. Ng5 Bd7 30. Rc7 Bb5+ 31. Kg2 Re2 32. Kg3 Re3+ 33.
Kh4 Be8 34. Ng4 Rf3 35. Nxf3 exf3 36. Bd1 a5 37. bxa5 Rxa5 38. Bxf3 Rxa2 39.
Rxb7 Ra3 40. Be4 Ra4 41. Bf5 Rd4 42. Kg5 Rxd5 43. Kf6 1-0

[Event "Hastings Challengers 1988/89"]
[Site "Hastings"]
[Date "1989.01.06"]
[Round "10"]
[White "Suba, Mihai"]
[Black "Arkell, Keith C"]
[Result "1/2-1/2"]
[WhiteElo "2535"]
[BlackElo "2430"]
[PlyCount "90"]
[EventDate "1988.12.28"]
[EventType "swiss"]
[EventRounds "10"]
[EventCountry "ENG"]
[SourceTitle "BritBase"]
[Source "John Saunders"]
[SourceDate "2023.05.21"]
[SourceVersion "1"]
[SourceVersionDate "2023.05.21"]
[SourceQuality "1"]

1. c4 b6 2. d4 Bb7 3. Nc3 e6 4. a3 Nf6 5. d5 exd5 6. cxd5 Bc5 7. Nf3 O-O 8. e3
Re8 9. Bc4 Ba6 10. Bxa6 Nxa6 11. Qd3 Qc8 12. O-O Bf8 13. Rd1 Nc5 14. Qc2 a5 15.
b3 Qb7 16. Bb2 b5 17. Ne2 Nce4 18. Ng3 b4 19. a4 Nc3 20. Bxc3 bxc3 21. e4 g6
22. Rac1 Bb4 23. Rd4 c6 24. dxc6 dxc6 25. e5 Nd5 26. Ne4 Rab8 27. h4 Qc7 28.
Rcd1 Kg7 29. Rc4 Rbd8 30. g3 Nb6 31. Nd6 Nxc4 32. Nxe8+ Rxe8 33. bxc4 Rd8 34.
Kf1 Rxd1+ 35. Qxd1 Qc8 36. Qd3 Qh3+ 37. Ke2 Qg4 38. Kd1 c5 39. Kc2 h6 40. Ng1
Qe6 41. f4 Qc6 42. Kb3 Qg2 43. Ne2 Qf1 44. e6 fxe6 45. g4 Kf7 1/2-1/2